|
|
|
|
| LEADER |
00690cam a2200193 7i4500 |
| 001 |
0000005916 |
| 005 |
20170218090000.0 |
| 020 |
|
|
|a 1852334886 (pbk.)
|
| 020 |
|
|
|a 9781852334888
|
| 090 |
0 |
0 |
|a QA76.73.C153
|b C37 2001
|
| 100 |
1 |
|
|a Capper, Derek
|
| 245 |
1 |
0 |
|a Introducing C++ for scientists, engineers, and mathematicians
|c Derek Capper.
|
| 250 |
|
|
|a 2nd ed.
|
| 260 |
|
|
|a London:
|b Springer,
|c 2001.
|
| 300 |
|
|
|a xvi, 544 p.:
|b ill.;
|c 25 cm.
|
| 504 |
|
|
|a Includes bibliographical references and index
|
| 650 |
0 |
0 |
|a C++ (Computer program language)
|
| 997 |
|
|
|a Communication, Visual Art & Computing, Faculty
|b Computing, Department
|
| 999 |
|
|
|a 0000008555
|b BOK
|c OPEN SHELF
|e 2nd Floor, Bestari Jaya
|